000 00238 a2200085 4500
020 _a 9781856697965
100 _aMary Warner Marien
245 _a100 Ideas that Changed Photography
260 _b‎ Laurence King Publishing; Illustrated
_c2012
999 _c13405
_d13405